000 00644nam a2200241 a 4500
999 _c4773
_d4773
001 4773
003 BD-JhCC
005 20171203165100.0
008 171203s1992 bg |||| ||a| 000 0 eng d
020 _a9840800795
035 _a(BD-JhCC)4773
040 _aBD-JhCC
_dBD-JhCC
041 _aeng
082 _a956.70442
_bHAS 1992
100 _aHasan, Mahmud
245 _aGulf War :
_cMahmud Hasan
_bThird World and the Euro-American Society /
260 _aDhaka :
_bAcademic Publishers,
_c1992.
300 _a71 p. :
_c18 cm.
650 _aPension Gulf War (1991)
650 _aDiplomatic Relations
942 _2ddc
_cBK